000 00379nam a2200133Ia 4500
008 231129s1989||||xx |||||||||||||| ||spa||
040 _bspa
082 _a918.6126 S939n
100 _aSuarez de Alvarez Ivonne
245 0 _aNuestra antioquia : La region de occidente. Resenas municipales
260 _c1989
264 _aImprenta Departamental de Antioquia
942 _2ddc
_cBKS
999 _c21824
_d21824